Представление документа в формате RUSMARC

ПолеНазваниеЗначение
  Тип записи a
  Библиографический уровень m
001 Контрольный номер RU/SLIB/B/208721083
005 Дата корректировки 20201206203944.5
010 Индекс ISBN __
d Цена 15-00
101 Язык документа __
a Язык текста rus
c Язык оригинала rus
200 Заглавие и сведения об ответственности 0_
a Заглавие Аккордеон в музыкальной школе
f Первые сведения об ответственности сост. М. А. Двилянский
b Общее обозначение материала Текст
h Номер части Вып. 64
210 Выходные данные __
a Место издания М.
c Издательство Композитор
d Дата издания 1992
215 Физическое описание __
a Объем 40 с.
606 Тематические рубрики __
a Основная рубрика Музыка и зрелищные искусства
606 Тематические рубрики __
a Основная рубрика Инструментальная музыка
610 Ключевые слова __
a Ключевые слова аккордеоны; музыкальные инструменты
686 Индексы других классификаций __
a Классификационный индекс 85.954.7
702 Вторичная интеллектуальная ответственность _1
a Фамилия Двилянский
b Имя М. А.
4 Код отношения Составитель
4 Код отношения 220
801 Источник записи _0
a Страна RU
b Организация Муниципальное бюджетное учреждение культуры "Централизованная библиотечная система" г. Сургут (Центральная городская библиотека им. А. С. Пушкина)
g Правила каталогизации КиК/Лебедева
801 Источник записи _1
a Страна RU
b Организация Муниципальное бюджетное учреждение культуры "Централизованная библиотечная система" г. Сургут (Центральная городская библиотека им. А. С. Пушкина)
g Правила каталогизации КиК/Лебедева
852 Данные о местонахождении __
j Шифр хранения 85.954.7
c Каталожный индекс 85.954.7
i Авторский знак А 39
p Инвентарный номер Б/Н
901 Тип документа __
t Тип документа m
903 Характеристики (МАРС) __
a Дата передачи 20010622
990 Данные о заказе (DOS) __
h N записи в КСУ для Б/У (DOS) 199403
j Количество экземпляров (DOS) 1